| 000 | 00379cam a2200157ua 4500 | ||
|---|---|---|---|
| 041 |
_aeng _h |
||
| 082 |
_a621.87 _bBRO/EL |
||
| 100 | _aBroughton, H.H . | ||
| 245 |
_aElectric cranes / _cH.H Broughton. _hTextual Documents |
||
| 250 |
_a3 / _b. |
||
| 260 |
_aLondon : _bE & F N Spon limited , _c1958. |
||
| 300 | _a511 ; . | ||
| 504 | _a | ||
| 942 | _cBK | ||
| 999 |
_c8765 _d8765 |
||